00448nam a2200085Ia 4500008004100000245002600041300022200067650001600289856005700305170517s9999 xx 000 0 und d aJimmy's GM Food Fight aJimmy Doherty, pig farmer, one-time scientist and poster-boy for sustainable food production is on a mission to find out if GM crops really can feed the world. We need to double the amount of food we produce in the... xTechnology. uhttp://topdocumentaryfilms.com/jimmys-gm-food-fight/